000 00466nam a2200169Ia 4500
999 _c8948
_d8948
003 OSt
005 20201009121429.0
008 190216s9999||||xx |||||||||||||| ||und||
040 _coclc
082 _a005.133
_bJOS/C
100 _aJose, Saju
_95534
245 0 _aComputer Gurukulam: C /
_cSaju Jose
260 _bKairali Books,
_aKottayam:
_c2006.
300 _a267p
650 _aComputer
942 _cBK
_2ddc
_h005.133
_iJOS/C
_k005.133
_mJOS/C